000 00738nam a22002055i 4500
001 166348
003 ES-MaACL
005 20260301142015.0
008 050914s1881 fr | |||||||| ||fre d
040 _aCAM
_bspa
_cCAM
100 1 _aTissot, Victor.
_9110345
245 1 0 _aRusses & allemands
_b: les pères du nihilisme, de l'éducation des femmes en Russie, les universités russes ... /
_cVictor Tissot.
260 _aParis :
_bE. Dentu éditeur,
_c1881 (
_eLagny :
_fF. Aureau)
300 _aXV, 336 p. ;
_c19 cm.
651 0 _aAlemania-
_yS. XIX
_9234178
651 4 _aRusia-
_yS. \RXIX\R.
_9242879
752 _aFrancia -
_dParís
852 _aES-MaACL
_jD-3174
_z-- Rust.
_z-- Legado M. de la Fuente
999 _c166348
_d166348